000 00764cam a22002411 4500
001 sa 66004512
003 DLC
005 20260227112243.0
008 800422s1965 ii 000 0 eng
010 _asa 66004512
035 _a(OCoLC)6232931
040 _aDLC
_cTNJ
_dOCoLC
_dDLC
042 _apremarc
050 0 0 _aBL1130
_b.R27 1965
082 _a294.5924
100 1 _aRanade, R. D.
_q(Ramchandra Dattatraya).
245 1 4 _aThe Bhagavadgītā as a philosophy of God-realisation;
_bbeing a clue through the labyrinth of modern interpretations
_c[by] R. D. Ranade.
250 _a[2d. ed.]
260 _aBombay,
_bBharatiya Vidya Bhavan,
_c1965.
300 _axii, 287 p.
_c19 cm.
440 0 _aBhavan's book university,
_v126
630 0 0 _aBhagavadgītā.
999 _c69466
_d69466